000 00299nam a2200121Ia 4500
008 240731s9999 xx 000 0 und d
022 _a2158-074X
245 0 _aJournal of Dance Education
260 _bRoutledge
856 _uhttps://www.tandfonline.com/loi/ujod20
942 _2ddc
942 _cTFEJ
999 _c77615
_d77615
945 _a1
_bMadushi Gamage
_c1
_dMadushi Gamage